000 00247 a2200121 4500
001 47458
040 _cAnchieta - Aquarius
240 1 0 _aIemanjá
_lpor
245 1 0 _aIemanjá
362 0 _a2015
650 4 _aLiteratura infanto-juvenil
942 _cBK
999 _c47458
_d47458